Statystyki dla Rozpoznaj wykonawcę po 3 piosenkach! #6

Kliknij tutaj aby rozwiązać quiz!

Ogólne statystyki

  • Ten quiz został rozwiązany 175 razy
  • Średni wynik to 6 z 15

Statystyki odpowiedzi

PiosenkiWykonawca% Poprawnych
Melodia, Królowa dram, SzampanSanah
92%
Shake It Off, cardigan, Blank SpaceTaylor Swift
74%
Levels, SOS, Hey BrotherAvicii
63%
Titanium, Sexy Bitch, Hey MamaDavid Guetta
62%
Lose You To Love Me, Wolves, Kill Em with KindnessSelena Gomez
60%
UFO, Hinata, Oddajemy krew wampiromSzpaku
53%
Lego, Droptop, MówiłaśYoung Igi
43%
This Is What You Came For, Blame, OutsideCalvin Harris
35%
Dziecko wojny, Dobry chłopak, TrumnaSarius
35%
Without Me, Eastside, SorryHalsey
24%
Swang, Powerglide, Black BeatlesRae Sremmurd
20%
We Dem Boyz, Roll Up, Work Hard Play HardWiz Khalifa
17%
Wet Dreamz, No Role Modelz, MIDDLE CHILDJ. Cole
13%
P2, Money Longer, New PatekLil Uzi Vert
11%
Blessings, Lithuania, Bounce BackBig Sean
3%

Rozkład punktacji

Percentyl według liczby udzielonych odpowiedzi

Procent ludzi z każdym wynikiem

Twoja historia wyników

Nie rozwiązałeś tego quizu